000 01224cam a2200325Ma 4500
001 12285259
003 GBCCL
005 20241126110432.0
008 131009s2014 enk 000 0 eng d
015 _aGBB3B1311
_2bnb
016 7 _a016559715
_2Uk
035 _a(OCoLC)ocn896868585
035 _a12285259
040 _aUKMGB
_beng
_cUKMGB
_dOCLCO
_dCtY-D
082 0 4 _a305.89
_223
_bHAO
100 1 _aHaokip, Jangkholam.
_95360
245 1 0 _aColonisation, identity and search for peace :
_ba transcribed text of and preliminary comments on operations against Kuki tribes of Assam and Burma 1917-1919
_cJangkholam Haokip.
264 1 _aChurachandpur :
_bDr. Laljem Haokip,
_c2015.
300 _a127 pages ;
_c23 cm
336 _atext
_2rdacontent
337 _aunmediated
_2rdamedia
338 _avolume
_2rdacarrier
500 _aA colonial document preserved at British library
650 0 _aKuki (Indic people)
_zIndia
_zAssam
_xEthnic identity.
_95361
650 0 _aKuki (Indic people)
_zIndia
_zBurma
_xReligion.
_95362
650 0 _aColonization
_xReligious aspects.
_95363
650 0 _aChristianity and culture
_zIndia, Northeastern.
_91830
651 0 _aIndia, Northeastern
_xColonization.
_95364
942 _2ddc
_cBK
_02
999 _c2563
_d2563